000 00228nam a2200097Ia 4500
008 190216s9999||||xx |||||||||||||| ||und||
100 _aChithambaram K S
245 0 _aHindi-Hindi Kavithayem
260 _bNbs Kottayam
942 _cBK
999 _c17521
_d17521